Supranationale Regionen - Statistiken

Allgemein
  • Dieses Quiz wurde 1.857 mal gespielt
  • Das Durchschnittsergebnis liegt bei 11 aus 24
Antwortstatistiken
Staaten Name % Korrekt
Dänemark, Norwegen, Schweden Skandinavien
94%
Kroatien, Bosnien und Herzegowina, Serbien, Griechenland, Bulgarien, ... Balkan
87%
Belgien, Niederlande, Luxemburg Benelux-Staaten
87%
Estland, Lettland, Litauen Baltikum
86%
Kuba, Haiti, Dominikanische Republik, Jamaika, Trinidad und Tobago, ... Karibik
82%
Spanien, Portugal, Andorra Iberien
81%
Saudi-Arabien, Kuwait, Katar, Bahrain, V.A.E., Oman, Jemen Arabien
71%
Slowenien, Kroatien, Bosnien und Herzegowina, Montenegro, Serbien, Kosovo, Mazedonien Ehemaliges Jugoslawien
63%
Deutschland, Österreich, Schweiz, Frankreich, Italien, Liechtenstein, Monaco, Slowenien Alpenländer
55%
Mexiko, Kuba, Haiti, Guatemala, Costa Rica, Kolumbien, Ecuador, Peru, Chile, ... Lateinamerika
55%
Ägypten, Libanon, Syrien, Israel, Saudi-Arabien, Irak, Iran, Türkei, ... Naher Osten
54%
Eritrea, Dschibuti, Äthiopien, Somalia Horn von Afrika
47%
Georgien, Armenien, Aserbaidschan Kaukasus
44%
Island, Dänemark, Norwegen, Schweden, Finnland Nordische Länder
43%
Marokko, Algerien, Tunesien, Libyen, Mauretanien Maghreb
41%
Vietnam, Kambodscha, Laos, Thailand, Myanmar Indochina
29%
Neuseeland, Tonga, Samoa, Tuvalu Polynesien
25%
Palau, Marshall-Inseln, F.S.M., Kiribati Mikronesien
23%
Indien, Pakistan, Bangladesch, Sri Lanka, Nepal, Bhutan Indischer Subkontinent
17%
Libanon, Syrien, Jordanien, Israel Levante
17%
Saudi-Arabien, Kuwait, Katar, Bahrain, V.A.E., Oman Golfstaaten
16%
Papua-Neuguinea, Salomonen, Vanuatu, Fidschi Melanesien
15%
Australien, Neuseeland, Papua-Neuguinea Australasien
3%
Chile, Argentinien, Paraguay, Uruguay Südkegel
3%
Keine übereinstimmenden Quizze gefunden
Verteilung der Resultate
Anzahl Personen mit jedem Resultat
Perzentil nach korrekt beantworteten Fragen
Ihre Resultats-Entwicklung
Sie haben dieses Quiz noch nicht gespielt